000 00272nam a22001217a 4500
003 OSt
008 231116b |||||||| |||| 00| 0 eng d
041 _amal
082 _a823.3
100 _aKarunakaran Nallur
_95706
245 _aPremam madhuraman dheeravuman
942 _cBK
999 _c18004
_d18004